Quiz sur Michou - Statistiques

Statistiques générales
  • Ce quiz a été pris 1 164 fois
  • Le résultat moyen est 9 sur 15
Statistiques - réponses
Question Réponse % Correct
Son prénom Miguel
99%
Nom de son chien Yuki
85%
Son année de naissance 2001
84%
Emission télé à laquelle il a participé sur TF1 Danse Avec Les Stars
81%
Jeux vidéo star Fortnite
75%
Son code créateur Michoucroute
74%
Team de youtubeurs dont il fait partie Team Croûton
74%
La personne avec qui il a participé à la question précédente Elsa Bois
73%
Son nom Mattioli
69%
Sa ville d'origine Albert
65%
Youtubeur et cousin qui fait partie de se local Timoute
63%
Le nom de son EP My life
31%
Video la plus vue Fier
29%
Nom du local où son studio se situe Le club
16%
Nom de son monteur Wekit
10%
Aucun quiz correspondant
Distribution des résultats
% des personnes avec chaque résultat
Percentile par nombre de réponses
Votre historique - résultats
Vous n’avez pas pris ce quiz